000 01230cam a22003131i 4500
003 SA-RiAUC
005 20251225135427.0
008 251123s1982 su g 00000 ara c
040 _aSA-RiAUC
_bara
_cSA-RiAUC
_erda
050 4 _b.A88 1982
082 0 4 _a410.2
_qSA-RiAUC
090 _a410.2
_bع ط ا
100 1 _aعطار، أحمد بن عبد الغفور بن محمد نور،
_d1337-1411 هجري
_eمؤلف.
245 1 0 _aقضايا ومشكلات لغوية /
_cأحمد عبد الغفور عطار.
250 _aالطبعة الأولى.
264 1 _aجدة، السعودية :
_bتهامة،
_c1982
300 _a145 صفحة ؛
_c24 سم.
336 _aنص
_btxt
_2rdacontent
_3كتاب
337 _aبدون وسيط
_bn
_2rdamedia
338 _aمجلد
_bnc
_2rdacarrier
490 1 _aالكتاب العربي السعودي ؛
_v54
590 _aعبد المنعم.
650 7 _aاللغة العربية
_vمتفرقات
_2aucsh
650 7 _aاللغة العربية
_xفلسفة
_2aucsh
650 7 _aاللغة العربية
_xاشتقاق
_2aucsh
830 2 _aالكتاب العربي السعودي
_v54
942 _2ddc
_cBOOK
_n0
949 _aSA-JeALM
_d251123
_umohamedma123
_n1
999 _c13716
_d13716